000 00723nam a22001937a 4500
008 230301b |||||||| |||| 00| 0 eng d
020 _a9780823262335.
050 _aPR9344.C68 2014
100 _aCoundouriotis,Eleni
_933529
245 _aThe people's right to the novel;
_bwar fiction in the postcolony
_cEleni Coundouriotis.
260 _aNew York:
_bFordham University Press
_c2014.
300 _axi;
_b335p.;
_c24cm.
650 _aAfrican fiction(English)
_vhistory and criticism
_952198
650 _aAfrican fiction(French)
_vhistory and criticism
_952199
650 _aWar in literature
_94597
650 _aliterature and society
_zAfrica
_923919
650 _aAfrica
_xin literature
_933531
942 _2lcc
_cMONOGRAPH
999 _c131644
_d131644